| 000 | 00713nam a22002297a 4500 | ||
|---|---|---|---|
| 003 | UA-OsUOA | ||
| 001 | 95327 | ||
| 007 | ta | ||
| 008 | 20130227b un ||||| |||| 00| 0 ukr d | ||
| 100 | _aБлагун І. | ||
| 700 | _aЗаяць М. | ||
| 090 |
_a330(477) _bБ68 |
||
| 942 | _cSA | ||
| 040 |
_aUA-OsUOA _bfre _cUA-OsUOA _dUA-OsUOA |
||
| 245 | _aУдосконалення механізму оюов'язкового резервування як інструменту грошово-кредитного регулювання регіону | ||
| 300 | _aС.31-43 | ||
| 955 | _a0 | ||
| 041 | _afre | ||
| 080 | _a330(477) | ||
| 773 | 0 | _w95324 | |
| 650 | 7 |
_a330 Економіка взагалі _2UDC |
|
| 999 |
_c381578 _d381578 |
||